[Event "Petrolina Cordioli Memorial op"]
[Site "Petrolina"]
[Date "2007.10.20"]
[Round "5"]
[White "Borges, Thales Bruno Silva"]
[Black "Ribeiro, Orlando Alves"]
[Result "1-0"]
[WhiteElo "1800"]
[BlackElo "1841"]
[PlyCount "58"]
[EventDate "2007.10.09"]
[EventType "swiss"]
[EventRounds "7"]
[EventCountry "BRA"]
[SourceTitle "EXT 2022"]
[Source "ChessBase"]
[SourceDate "2021.10.06"]
[SourceVersion "1"]
[SourceVersionDate "2021.10.06"]
[SourceQuality "1"]

1. d4 d5 2. c4 e6 3. e3 Nf6 4. Nf3 c5 5. Nc3 Nc6 6. cxd5 exd5 7. Bb5 a6 8. Be2 c4 9. 0-0 Bd6 10. b3 cxb3 11. Qxb3 Na5 12. Qc2 0-0 13. Bd3 h6 14. Bb2 b5 15. Qe2 Bb7 16. Rac1 Rc8 17. Nb1 Nc4 18. Nc3 Qe7 19. a4 Nxb2 20. Qxb2 Ba3 21. Qb1 Bxc1 22. Rxc1 b4 23. Na2 Rxc1+ 24. Qxc1 Rc8 25. Qb2 a5 26. Ne5 Ne4 27. f3 Nc3 28. Bf5 Rc7 29. Kf2 Nd1+ 1-0